| 000 | 01130cam a22003375a 4500 | ||
|---|---|---|---|
| 001 | 16542494 | ||
| 005 | 20170426141050.0 | ||
| 008 | 101118t2012 maua frd 001 0 eng d | ||
| 020 | _a9780205082391 | ||
| 020 | _a0205082394 | ||
| 035 | _a(OCoLC)ocn682903779 | ||
| 040 |
_aDLC _cDLC _dYDX _dYDXCP _dBWX _dCDX _dDLC _dEG-ScBUE _beng |
||
| 043 | _aaw----- | ||
| 082 | 0 | 4 |
_222 _a320.56 _bAND |
| 100 | 1 | _aAndersen, Roy. | |
| 245 | 1 | 0 |
_aPolitics and change in the Middle East / _cRoy R. Andersen, Robert F. Seibert, Jon G. Wagner. |
| 250 | _a10th ed. | ||
| 260 |
_aBoston : _bLongman, _cc.2012. |
||
| 300 |
_axxvii, 402 p. : _bill. ; _c24 cm. |
||
| 500 | _aIndex : p. 382-402. | ||
| 500 | _aGlossary : p. 379-381. | ||
| 650 | _2BUEsh | ||
| 651 | 7 |
_aMiddle East _xPolitics and government. _2BUEsh _911754 |
|
| 651 | 7 |
_aMiddle East _xForeign relations. _913921 _2BUEsh |
|
| 653 |
_bLLAAWW _cApril2017 |
||
| 700 | 1 | _aSeibert, Robert F. | |
| 700 | 1 | _aWagner, Jon G. | |
| 906 |
_a7 _bcbc _corignew _d1 _eecip _f20 _gy-gencatlg |
||
| 942 | _2ddc | ||
| 999 |
_c24714 _d24686 |
||